A grammar of legal english

Bibliographic Details
Main Authors: Bázlik, Miroslav, 1946-2020 (Author), Ambrus, Patrik, 1978- (Author)
Format: Book
Language:English
Published: Bratislava Iura edition 2008
Edition:[1st ed.]
Subjects:

MARC

LEADER 00000nam a2200000 a 4500
001 vtls009450996
003 SK-MaSNL
005 20260301211038.0
008 240314s2008 xo l f 000 0 eng
015 |a SNBA2009/02-00353 
020 |a 9788080782030  |q (viaz.) 
035 |a 6BE4B4D3-FD83-4EBF-8BAC-389D77BE4965 
035 |a urn:nbn:sk:snk-aml5ry 
035 |a urn:nbn:sk:snk-am008vbw 
040 |a SNK  |b slo  |c SNK  |e AACR2 
041 0 |a eng 
044 |a xo  |c SK 
072 7 |a 811.111  |x Angličtina  |2 konspekt 
080 |a 34  |2 2001 
080 |a 811.111  |2 2001 
080 |a 81'36  |2 2001 
080 |a (048.8)  |2 2001 
100 1 |a Bázlik, Miroslav,  |d 1946-2020  |4 aut  |9 226279 
245 1 0 |a A grammar of legal english  |c Miroslav Bázlik, Patrik Ambrus 
250 |a [1st ed.] 
260 |a Bratislava  |b Iura edition  |c 2008 
300 |a 204 s.  |b tab.  |c 21 cm 
504 |a Bibliogr. s. 202-204 
650 0 7 |a právo  |2 SNKPH  |9 976 
650 0 7 |a angličtina  |2 SNKPH 
650 0 7 |a gramatika  |2 SNKPH  |9 865 
655 7 |a štúdie  |2 SNKPH  |9 57033 
700 1 |a Ambrus, Patrik,  |d 1978-  |4 aut  |9 193940 
919 |a 978-80-8078-203-0 
958 |a NB 
958 |a OND 
968 |d 81 
999 |c 915546  |d 917476 
952 |a SNK  |b SNK  |y PREZ  |7 0  |p 17A0605919  |o snkSC 133829  |i snk2008/22944  |8 0  |0 0  |1 0  |4 0  |d 2008-12-02  |f 1  |l 0  |r 2025-06-30 00:00:00  |w 2026-02-24 
952 |a SNK  |b SNK  |y VYP  |7 0  |p 17A0605920  |o snkSC 133829 D1  |i snk2008/22946  |8 0  |0 0  |1 0  |4 0  |d 2008-12-02  |l 0  |r 2026-02-24 07:58:01  |w 2026-02-24